Le Procez, l'adjournement personel, l'interrogatoire, et l'arrest de mort du roy d'Angleterre : auec ce qu'il dit & fit deux iours auant sa mort, et la harangue qu'il prononça sur l'échaffaut : selon le rapport de plusieurs gentils-hommes anglois qui y assisterent & meirent le tout sur des tabletes /

Bibliographic Details
Other Authors: Marsys, sieur de
Format: eBook
Language:French
Published: A Paris : Chez François Preuveray ..., 1649.
Series:Making of the modern world (Goldsmiths'-Kress Library of Economic Literature)
Subjects:
Online Access:Connect to the full text of this electronic book

MARC

Tag First Indicator Second Indicator Subfields
LEADER 00000cam a2200000La 4500
001 in00002292921
005 20190326195503.0
006 m | d |
007 cr |n||||||||n
008 880301s1649 xx s 000 0 fre d
040 |a GKS  |c GKS  |d Thomson Gale  |d UtOrBLW 
245 0 3 |a Le Procez, l'adjournement personel, l'interrogatoire, et l'arrest de mort du roy d'Angleterre :  |b auec ce qu'il dit & fit deux iours auant sa mort, et la harangue qu'il prononça sur l'échaffaut : selon le rapport de plusieurs gentils-hommes anglois qui y assisterent & meirent le tout sur des tabletes /  |c fidelement traduit de l'anglois par le sieur de Marsys ... 
264 1 |a A Paris :  |b Chez François Preuveray ...,  |c 1649. 
300 |a 14 pages 
336 |a text  |b txt  |2 rdacontent 
337 |a computer  |b c  |2 rdamedia 
338 |a online resource  |b cr  |2 rdacarrier 
500 |a Reproduction of original from Goldsmiths' Library, University of London. 
500 |a Goldsmiths'-Kress number 01111. 
510 4 |a OCLC,  |c 20889604 
533 |a Electronic reproduction.  |b Farmington Hills, Mich. :  |c Thomson Gale,  |d 2005.  |f (The making of the modern world).  |n Available via the World Wide Web.  |n Access limited to licensing agreements.  |7 s2005 miunns 
500 |a Electronic resource. 
600 0 0 |a Charles  |b I,  |c King of England,  |d 1600-1649  |v Trials, litigation, etc. 
600 0 0 |a Charles  |b I,  |c King of England,  |d 1600-1649  |x Death and burial. 
655 0 |a Electronic books. 
700 1 |a Marsys,  |c sieur de. 
830 0 |a Making of the modern world (Goldsmiths'-Kress Library of Economic Literature) 
856 4 0 |u http://proxy.library.tamu.edu/login?url=http://galenet.galegroup.com/servlet/MOME?af=RN&ae=U101468301&srchtp=a&ste=14&locID=txshracd2898  |z Connect to the full text of this electronic book  |t 0 
999 |a MARS 
999 f f |s d4fa201e-5ea4-3c93-900c-879e89709755  |i d9822507-7118-35ac-891c-7086a8a2359f  |t 0 
952 f f |a Texas A&M University  |b College Station  |c Electronic Resources  |d Available Online  |t 0  |h No information provided 
998 f f |t 0  |l Available Online